00490nam a2200157 a 450000100060000000300090000600800410001502000150005604000280007108200180009910000260011724500840014326000500022730000100027765000450028719823CO-ViMGA141112s2004 ck r 000 u spa d a9583368237 aCO-ViMGAbspacCO-ViMGA04a337.783 E563f1 aMadriñan Santiago, 10aFlora ilustrada del Páramo de Chingaza : bguía de campo de plantas comunes aBogotá : bUniversidad de los Andes, c2004 a34 p.14aPARQUES NACIONALES - CHINGAZA - COLOMBIA